| 000 | 00621nam a22001217a 4500 | ||
|---|---|---|---|
| 040 | _cRUA | ||
| 100 | _aSAMANG SEREYBOTH,សំអាង សិរីបុត្រ | ||
| 245 | _aSTUDYING ABOUT PPK SYSTEM BASED ON LED LIGH SYSTEM OF DJI PHANTOM 4 PRO DRONE,សិក្សាអំពីប្រព័ន្ធ PPK ដោយផ្អែកលើប្រព័ន្ធភ្លើង LED របស់ដ្រូន DJI PHANTOM 4 PRO | ||
| 260 |
_aphnom penh _brua _c2019 |
||
| 300 |
_ax.49p. _bill. _c29cm. |
||
| 856 | _uhttps://drive.google.com/file/d/1w-_5fcJpJmSbwePq1ZRWr2uiaqtcv9Bj/view?usp=share_link | ||
| 942 | _cLMA | ||
| 999 |
_c20499 _d20499 |
||